[Event "WC-2014-P-00022"]
[Site "LSS email"]
[Date "2014.02.03"]
[Round "?"]
[White "Bichik, Aleksandr"]
[Black "Garcia Ramirez, Cristobal Jesus"]
[Result "1-0"]
[WhiteElo "2118"]
[BlackElo "2272"]
[PlyCount "55"]
[EventDate "2014.02.10"]
[EventType "tourn (corr)"]
[EventRounds "12"]
[EventCountry "GER"]
[SourceTitle "Corr 2022"]
[Source "ChessBase"]
[SourceDate "2021.10.24"]
[SourceVersion "1"]
[SourceVersionDate "2021.10.24"]
[SourceQuality "1"]

1. e4 c5 2. Nf3 d6 3. d4 cxd4 4. Nxd4 Nf6 5. Nc3 a6 6. Be3 e5 7. Nb3 Be6 8. f3 Nbd7 9. g4 h6 10. Qd2 b5 11. g5 hxg5 12. Bxg5 Rc8 13. 0-0-0 Qc7 14. Kb1 b4 15. Nd5 Nxd5 16. exd5 Bf5 17. Rc1 Rb8 18. Bd3 Bxd3 19. cxd3 Qb7 20. Na5 Qxd5 21. Nc6 Ra8 22. Nxb4 Qb5 23. d4 Nb6 24. a4 Nxa4 25. Rc7 f6 26. Qc2 fxg5 27. Qf5 Kd8 28. Rhc1 1-0

[Event "WC-2014-P-00022"]
[Site "LSS email"]
[Date "2014.02.03"]
[Round "?"]
[White "Davydov, Andrej"]
[Black "Garcia Ramirez, Cristobal Jesus"]
[Result "1-0"]
[WhiteElo "1949"]
[BlackElo "2272"]
[PlyCount "55"]
[EventDate "2014.02.10"]
[EventType "tourn (corr)"]
[EventRounds "12"]
[EventCountry "GER"]
[SourceTitle "Corr 2022"]
[Source "ChessBase"]
[SourceDate "2021.10.24"]
[SourceVersion "1"]
[SourceVersionDate "2021.10.24"]
[SourceQuality "1"]

1. d4 Nf6 2. c4 e6 3. Nf3 Bb4+ 4. Nbd2 b6 5. e3 0-0 6. Bd3 Bb7 7. 0-0 d5 8. a3 Be7 9. b4 dxc4 10. Nxc4 Nbd7 11. Rb1 Ne4 12. Qc2 f5 13. Nfe5 Nd6 14. Nxd7 Qxd7 15. Ne5 Qe8 16. Bb2 Rc8 17. Rbc1 b5 18. Nc6 a6 19. Rfe1 Qd7 20. Re2 Bg5 21. Qc5 Ne4 22. Bxe4 fxe4 23. Rec2 Qd5 24. Qxd5 exd5 25. Na5 Ba8 26. Rxc7 Rxc7 27. Rxc7 Rf7 28. Rc1 1-0

[Event "WC-2014-P-00022"]
[Site "LSS email"]
[Date "2014.02.03"]
[Round "?"]
[White "Garcia Ramirez, Cristobal Jesus"]
[Black "Harney, Thomas"]
[Result "0-1"]
[WhiteElo "2272"]
[BlackElo "2183"]
[PlyCount "46"]
[EventDate "2014.02.10"]
[EventType "tourn (corr)"]
[EventRounds "12"]
[EventCountry "GER"]
[SourceTitle "Corr 2022"]
[Source "ChessBase"]
[SourceDate "2021.10.24"]
[SourceVersion "1"]
[SourceVersionDate "2021.10.24"]
[SourceQuality "1"]

1. d4 Nf6 2. c4 e6 3. Nf3 b6 4. g3 Ba6 5. b3 Bb7 6. Bg2 Bb4+ 7. Bd2 a5 8. 0-0 0-0 9. Qc2 Qe7 10. Bf4 a4 11. Nc3 Bxc3 12. Qxc3 d6 13. Rfd1 Re8 14. b4 Nbd7 15. Bc1 e5 16. d5 b5 17. cxb5 Bxd5 18. g4 Nb6 19. g5 Nfd7 20. h4 Bc4 21. e4 Bxb5 22. Be3 Nc4 23. Bc1 a3 0-1

[Event "WC-2014-P-00022"]
[Site "LSS email"]
[Date "2014.02.03"]
[Round "?"]
[White "Garcia Ramirez, Cristobal Jesus"]
[Black "Moreira, Jose"]
[Result "1-0"]
[WhiteElo "2272"]
[BlackElo "1988"]
[PlyCount "40"]
[EventDate "2014.02.10"]
[EventType "tourn (corr)"]
[EventRounds "12"]
[EventCountry "GER"]
[SourceTitle "Corr 2022"]
[Source "ChessBase"]
[SourceDate "2021.10.24"]
[SourceVersion "1"]
[SourceVersionDate "2021.10.24"]
[SourceQuality "1"]

1. d4 Nf6 2. c4 e6 3. Nf3 d5 4. g3 dxc4 5. Bg2 c5 6. 0-0 Nc6 7. Ne5 Bd7 8. Na3 cxd4 9. Naxc4 Be7 10. Qb3 Qc7 11. Nxc6 Bxc6 12. Bf4 Qd8 13. Bxc6+ bxc6 14. Ne5 c5 15. Qb5+ Nd7 16. h4 f6 17. Nc4 e5 18. Bd2 Qc8 19. b4 Rb8 20. Qa4 0-0 1-0

[Event "WC-2014-P-00022"]
[Site "LSS email"]
[Date "2014.02.03"]
[Round "?"]
[White "Moreira, Jose"]
[Black "Garcia Ramirez, Cristobal Jesus"]
[Result "0-1"]
[WhiteElo "1988"]
[BlackElo "2272"]
[PlyCount "43"]
[EventDate "2014.02.10"]
[EventType "tourn (corr)"]
[EventRounds "12"]
[EventCountry "GER"]
[SourceTitle "Corr 2022"]
[Source "ChessBase"]
[SourceDate "2021.10.24"]
[SourceVersion "1"]
[SourceVersionDate "2021.10.24"]
[SourceQuality "1"]

1. e4 c5 2. Nf3 d6 3. d4 cxd4 4. Nxd4 Nf6 5. Nc3 a6 6. Be3 e5 7. Nb3 Be6 8. f3 Nbd7 9. g4 h6 10. Qd2 b5 11. 0-0-0 Qc7 12. Kb1 Be7 13. h4 Nb6 14. Be2 Nc4 15. Bxc4 bxc4 16. g5 cxb3 17. gxf6 bxc2+ 18. Kxc2 Bxf6 19. Qxd6 Rc8 20. Qxc7 Rxc7 21. Rd6 Bc4 22. b3 0-1

[Event "RM-2013-0-00129"]
[Site "LSS email"]
[Date "2013.11.03"]
[Round "?"]
[White "Steinke, Ruediger"]
[Black "Garcia Ramirez, Cristobal Jesus"]
[Result "1/2-1/2"]
[WhiteElo "2214"]
[BlackElo "2207"]
[PlyCount "51"]
[EventDate "2013.07.30"]
[EventType "tourn (corr)"]
[EventRounds "6"]
[EventCountry "GER"]
[SourceTitle "Telechess CBM 163"]
[Source "ChessBase"]
[SourceDate "2014.11.11"]
[SourceVersion "2"]
[SourceVersionDate "2014.11.11"]
[SourceQuality "1"]

1. e4 c6 2. d4 d5 3. Nc3 dxe4 4. Nxe4 Bf5 5. Ng3 Bg6 6. h4 h6 7. Nf3 Nd7 8. h5 Bh7 9. Bd3 Bxd3 10. Qxd3 e6 11. Bd2 Ngf6 12. 0-0-0 Be7 13. Ne4 Nxe4 14. Qxe4 Nf6 15. Qe2 a5 16. Kb1 a4 17. c4 a3 18. b3 Qd6 19. Bc1 b5 20. cxb5 0-0 21. bxc6 Qxc6 22. Ne5 Qb7 23. Be3 Rac8 24. Qd3 Bb4 25. Nc4 Rc6 26. Rc1 1/2-1/2

[Event "RM-2013-0-00130"]
[Site "LSS email"]
[Date "2013.10.28"]
[Round "?"]
[White "Garcia Ramirez, Cristobal Jesus"]
[Black "Szabo, Mihaly"]
[Result "1/2-1/2"]
[WhiteElo "2197"]
[BlackElo "2202"]
[PlyCount "72"]
[EventDate "2013.08.21"]
[EventType "tourn (corr)"]
[EventRounds "6"]
[EventCountry "GER"]
[SourceTitle "Telechess CBM 167"]
[Source "ChessBase"]
[SourceDate "2015.07.13"]
[SourceVersion "1"]
[SourceVersionDate "2015.07.13"]
[SourceQuality "1"]

1. e4 e5 2. Nf3 Nc6 3. Bb5 a6 4. Ba4 Nf6 5. 0-0 Be7 6. Re1 b5 7. Bb3 0-0 8. h3 d6 9. c3 Nb8 10. d3 c5 11. Nbd2 Qc7 12. Nf1 c4 13. dxc4 bxc4 14. Bc2 Nbd7 15. Ne3 Re8 16. Qe2 Nb6 17. Bd2 Qc6 18. Nf5 Bxf5 19. exf5 a5 20. Rad1 h6 21. b3 Rec8 22. Nh2 cxb3 23. axb3 a4 24. Ng4 axb3 25. Bxb3 Nbd7 26. Ra1 Bd8 27. Rxa8 Rxa8 28. Rd1 Nxg4 29. hxg4 Nf6 30. g5 hxg5 31. Bxg5 Qxc3 32. Qb5 Ra5 33. Qb8 Qc7 34. Qb4 Ra6 35. Bxf6 Bxf6 36. Bd5 Qb6 1/2-1/2

[Event "RM-2013-0-00130"]
[Site "LSS email"]
[Date "2013.10.21"]
[Round "?"]
[White "Garcia Ramirez, Cristobal Jesus"]
[Black "Oliveira, Diogo Luiz"]
[Result "1/2-1/2"]
[WhiteElo "2197"]
[BlackElo "2146"]
[PlyCount "45"]
[EventDate "2013.08.21"]
[EventType "tourn (corr)"]
[EventRounds "6"]
[EventCountry "GER"]
[SourceTitle "Telechess CBM 167"]
[Source "ChessBase"]
[SourceDate "2015.07.13"]
[SourceVersion "1"]
[SourceVersionDate "2015.07.13"]
[SourceQuality "1"]

1. e4 e5 2. Nf3 Nc6 3. Bb5 Nf6 4. 0-0 Nxe4 5. d4 Nd6 6. Bxc6 dxc6 7. dxe5 Nf5 8. Qxd8+ Kxd8 9. Nc3 Bd7 10. h3 h6 11. b3 Kc8 12. Bb2 c5 13. Rad1 Be6 14. Nd5 g5 15. c4 a5 16. a4 b6 17. g4 Ne7 18. Kg2 Ng6 19. Rfe1 Kb7 20. Kg3 Be7 21. Nxe7 Nxe7 22. Nd2 Rad8 23. Ne4 1/2-1/2